शरच्चंद्र चटोपाध्याय (Record no. 486014)

MARC details
000 -LEADER
fixed length control field 00690nam a22001937a 4500
003 - CONTROL NUMBER IDENTIFIER
control field OSt
005 - DATE AND TIME OF LATEST TRANSACTION
control field 20120302143856.0
008 - FIXED-LENGTH DATA ELEMENTS--GENERAL INFORMATION
fixed length control field 090115t xxu||||| |||| 00| 0 eng d
035 ## - SYSTEM CONTROL NUMBER
System control number ४२
040 ## - CATALOGING SOURCE
Transcribing agency मराठी
100 ## - MAIN ENTRY--PERSONAL NAME
Personal name docter . जोशी ,प्रल्हाद नरहर
9 (RLIN) 191
245 ## - TITLE STATEMENT
Title शरच्चंद्र चटोपाध्याय
250 ## - EDITION STATEMENT
Edition statement १९५५ १ ली
260 ## - PUBLICATION, DISTRIBUTION, ETC. (IMPRINT)
Place of publication, distribution, etc पुणे
Name of publisher, distributor, etc व्हीनस
300 ## - PHYSICAL DESCRIPTION
Other physical details १५३ पाने
600 ## - SUBJECT ADDED ENTRY--PERSONAL NAME
Personal name docter .जोशी ,प्रल्हाद नरहर
9 (RLIN) 192
700 ## - ADDED ENTRY--PERSONAL NAME
Personal name docter . जोशी ,प्रल्हाद नरहर
9 (RLIN) 193
942 ## - ADDED ENTRY ELEMENTS (KOHA)
Source of classification or shelving scheme Dewey Decimal Classification
Koha item type Book

No items available.